000 00283nam a2200121Ia 4500
008 230917s9999||||xx |||||||||||||| ||und||
040 _e233398
_aMAIN
041 _aEnglish
082 _a346.086 R259L
100 _aReetika
245 0 _aLaw of life insurance in India
942 _cTH
999 _c126359
_d126359